A First Course in Data base System (Record no. 23642)
[ view plain ]
| 000 -LEADER | |
|---|---|
| fixed length control field | 00360nam a22001577a 4500 |
| 003 - CONTROL NUMBER IDENTIFIER | |
| control field | OSt |
| 005 - DATE AND TIME OF LATEST TRANSACTION | |
| control field | 20211223095751.0 |
| 008 - FIXED-LENGTH DATA ELEMENTS--GENERAL INFORMATION | |
| fixed length control field | 211223b |||||||| |||| 00| 0 eng d |
| 020 ## - INTERNATIONAL STANDARD BOOK NUMBER | |
| International Standard Book Number | 013600637X |
| 040 ## - CATALOGING SOURCE | |
| Transcribing agency | HU |
| 082 ## - DEWEY DECIMAL CLASSIFICATION NUMBER | |
| Edition number | 3ed |
| Classification number | 004.6 |
| 100 ## - MAIN ENTRY--PERSONAL NAME | |
| Personal name | Ullman D.Jffrey |
| 245 ## - TITLE STATEMENT | |
| Title | A First Course in Data base System |
| 300 ## - PHYSICAL DESCRIPTION | |
| Type of unit | 565 |
| 942 ## - ADDED ENTRY ELEMENTS (KOHA) | |
| Source of classification or shelving scheme | Dewey Decimal Classification |
| Koha item type | Books like text book referance book |
| Suppress in OPAC | No |
No items available.